000 03492nam0a2200421 4500
001 RU\NLR\BIBL_A\012896382
005 20260407115732.0
035 _a(NLR Aleph) 012896382
090 _a12566873
_c12566873
100 _a20190624d1900 |||y0rusy50 ca
101 0 _arus
102 _aRU
105 _ay z 000zy
181 0 _ai
_baxxe
182 0 _an
200 1 _aО предоставлении Александро-Мариинскому, кавалерственной дамы Чертовой, институту в Москве преимуществ, предоставленных институтам ведомства учреждений Императрицы Марии, и об отнесении на средства государственного казначейства расхода на производство пенсий, пособий и прибавок служащим в сем институте
_eпредставление по этому делу разослано Членам Государственного Совета, в печатных экземплярах
_fГосударственный Совет в Департаменте промышленности, наук и торговли. Собственная Его Императорсвкого Величества Канцелярия по учреждениям Императрицы Марии. 10 ноября 1900 года. № 197
203 _aТекст
_bвизуальный
_cнепосредственный
210 _a[Санкт-Петербург
_cб. и.]
_d1900
215 _a2 с.
_d34
300 _aВ конце текста: Подписали: Н. Чихачов, Н. Махотин, М. Галкин-Враской [и др.]; Скрепил: Статс-Секретарь Д. Философов
300 _aНа 1-й с.: MCXVII, 2
309 _aБез тит. л. и обл.
601 0 2 _aАлександро-Мариинский институт им. Чертовой
_cМосква, город
_jДокументы и материалы
_92548419
_3RU\NLR\AUTH\6601721432
686 3 _aЧ424(28)735.3
702 1 _4720
_7ca
_8rus
_aЧихачёв
_bН. М.
_cадмирал, гос. деятель
_f1830-1917
_gНиколай Матвеевич
_9197499
_3RU\NLR\AUTH\770197550
702 1 _aМахотин
_bН. А.
_f1830-1903
_gНиколай Антонович
_4720
702 1 _4720
_8rus
_7ca
_aГалкин-Враской
_bМ. Н.
_f1834-1916
_gМихаил Николаевич
_3RU\NLR\AUTH\7711533
_9121275
702 1 _4720
_7ca
_8rus
_aФилософов
_bД. А.
_cгос. деятель
_f1861-1907
_gДмитрий Александрович
_9216095
_3RU\NLR\AUTH\770216151
711 0 1 _aРоссия
_bСобственная его императорского величества канцелярия по учреждениям императрицы Марии
_3RU\NLR\AUTH\8810066583
_9634794
711 0 2 _aАлександро-Мариинский институт им. Чертовой
_cМосква
_3RU\NLR\AUTH\889939465
_9373787
711 0 1 _aРоссия
_bГосударственный совет
_3RU\NLR\AUTH\889948587
_9392796
712 0 1 _4570
_aРоссия
_bДепартамент промышленности, наук и торговли
_9829039
_3RU\NLR\AUTH\880581644
852 _aNLR
_j135/295-6 (24)
942 _cBOOK
980 _aNB